Normal view
MARC view
- Estudiantes de educación media superior
Entry Materia
001 - NÚMERO DE CONTROL DEL REGISTRO
- campo de control: 50733
003 - IDENTIFICADOR DE NUMERO DE CONTROL
- campo de control: MX-MxUPN
005 - FECHA Y HORA DE LA ÚLTIMA TRANSACCIÓN
- campo de control: 20240105113949.0
008 - DATOS DE LONGITUD FIJA
- campo de control de longitud fija: 240105nn fnnnnbaba n ana d
040 ## - FUENTE DE LA CATALOGACIÓN
- Centro catalogador de origen: MX-MxUPN
- Lengua de catalogación: spa
150 ## - ENCABEZAMIENTO - TEMÁTICO
- Término de materia o nombre geográfico como elemento inicial: Estudiantes de educación media superior
- Subdivisión geográfica: México
- Subdivisión de forma: Actitudes
670 ## - FUENTE EN LA QUE SE LOCALIZARON DATOS
- Cita de la fuente: Autoridades BGTQ, 5 enero 2024 :
- Información localizada: (Estudiantes de educación media superior) (Estudiantes de escuela secundaria -- México -- Actitudes)
902 ## - CATALOGADOR
- Catalogador: VíctorGodínez/050124
